Statistiques concernant Disney paroles - Partir là-bas (La Petite Sirène)

Cliquez ici pour prendre le quiz!

Statistiques générales

  • Ce quiz a été pris 848 fois
  • Le résultat moyen est 205 sur 234

Statistiques - réponses

Réponse% Correct
je
98%
Je
98%
la
98%
Le
98%
le
98%
par
98%
de
97%
mon
97%
part
97%
à
96%
ce
96%
là-bas.
96%
là-bas...
96%
me
96%
Partir
96%
partir
96%
ça
95%
ca,
95%
Comme
95%
comme
95%
des
95%
j'ai
95%
J'ai
95%
que
95%
et
94%
te
94%
ces
93%
ces...
93%
les
93%
Les
93%
marche,
93%
mer.
93%
Moi
93%
moi
93%
Si
93%
si
93%
tout
93%
tu
93%
Tu
93%
Un
93%
un
93%
comment
92%
Comment
92%
ne
92%
Ne
92%
Pieds.
92%
pour
92%
sur
92%
veux
92%
au
91%
danser.
91%
jour.
91%
jour
91%
qui
91%
s'appelle ?
91%
terre
91%
terre,
91%
vie.
91%
voir
91%
ai
90%
j'en
90%
J'en
90%
monde.
90%
monde
90%
suis
90%
voudrais
90%
en
89%
En
89%
parcourir
89%
pas
89%
gogo.
88%
Il
88%
Mais
87%
ses,
87%
trucs
87%
chouettes.
86%
grand
86%
jambes
86%
marcher
86%
m'ennuie.
86%
Oui !
86%
pouvais,
86%
tas !
86%
Tous
86%
l'homme
85%
On
85%
sans
85%
court,
84%
donnerai
84%
m'indiffère
84%
sable
84%
va
84%
Vois
84%
bien
83%
C'est
83%
déjà ?
83%
fait
83%
faut
83%
j'aimerais,
83%
battant
82%
chaud.
82%
choix !
82%
gatée
82%
merveilles.
82%
nageoires.
82%
nul
82%
quoi
82%
trésors
82%
trop
82%
brillent
81%
d'ici
81%
dis,
81%
du
81%
gardé.
81%
Hommes
81%
loin
81%
sauter
81%
s'il
81%
soleils.
81%
Brûle !
80%
certaine
80%
feu ?
80%
paradis !
80%
peut
80%
Toutes
80%
comblé.
79%
gadgets,
79%
m'ont
79%
partirai
79%
partirai,
79%
rêver
79%
Rues.
79%
sirènes,
79%
aucun
78%
fées
78%
femmes
78%
Femmes
78%
grains
78%
humaines,
78%
pouvoir,
78%
qu'est
78%
regret.
78%
secrets,
78%
Vivre
78%
long
77%
Pourquoi
77%
voyant
77%
carresser
76%
comprennent
76%
dorés
76%
qu'on
76%
viendra,
76%
crois-tu
75%
poser
75%
questions
75%
réponde,
75%
richesses
75%
savoir;
75%
tire-baba ?
75%
est-ce
74%
qu'il
74%
Ah !
73%
chocs,
72%
leurs
72%
peuvent
72%
filles
71%
Flâner
71%
couacs
61%
couics
60%
frayeurs.
59%

Distribution des résultats

Percentile par nombre de réponses

% des personnes avec chaque résultat

Votre développement - résultats

Vous n’avez pas pris ce quiz